Dating the first New Zealanders : the chronology of Wairau Bar /

The first colonization of New Zealand is a much debated issue. The lack of appropriate absolute dating has meant chronology has been poorly understood. New 14C dating of materials from archaic Polynesian graves and occupation levels provides important precision and understanding of early exploitatio...

Full description

Bibliographic Details
Main Author: Higham, Thomas
Format: Analitica de revista
Language:Spanish
Subjects:

MARC

LEADER 00000cab a2200000 a 4500
001 025525
003 UAHC_CL
005 20170817145959.0
008 050531b xx j 000 1 spa
952 |0 0  |1 0  |4 0  |6 ANTIQUITY_280_99_000000000000000  |7 0  |8 General  |9 51687  |a BC  |b BC  |c General  |d 2017-08-03  |l 0  |o ANTIQUITY-280/99  |p FICTICIO498  |r 2019-01-08 00:00:00  |t 1  |w 2017-08-03  |y REVA 
999 |c 25525  |d 25525 
040 |a UAHC_CL  |c UAHC_CL  |d UAHC_CL 
100 1 |a Higham, Thomas 
245 1 0 |a Dating the first New Zealanders :  |b the chronology of Wairau Bar /  |c Thomas Higham, Atholl Anderson and Chris Jacomb. 
500 |a Antiquity 73 (1999): 420-427 
520 |a The first colonization of New Zealand is a much debated issue. The lack of appropriate absolute dating has meant chronology has been poorly understood. New 14C dating of materials from archaic Polynesian graves and occupation levels provides important precision and understanding of early exploitation on New Zealand. 
653 |a ANTROPOLOGIA 
773 0 |t Anthropology Today.  |w 025359 
900 |a ANTIQUITY-280/99 
942 |c REVA  |2 ddc